Culture Générale - Série 697 - Statistiques

Statistiques générales
  • Ce quiz a été pris 118 fois
  • Le résultat moyen est 6 sur 10
Statistiques - réponses
Question Réponse % Correct
Quelle profession exerce une personne inscrite au barreau ? avocat
99%
Quel est l'instrument de musique de prédilection d'Eric Clapton ? guitare
88%
On dit d'une personne autoritaire et qui commande sèchement qu'elle est "pète-... sec
84%
En français, quel adjectif dérivé du nom "patrie" qualifie un individu sans nationalité légale ? apatride
83%
Chez quelle espèce de singes le mâle dominant est-il appelé "dos argenté" ? gorilles
68%
Dans la banlieue de quelle capitale européenne l'écrivain James Joyce est-il né ? Dublin
67%
Quel acteur interprétait le rôle-titre de la série "Magnum" ? Tom Selleck
54%
Dans quel film de George Cukor de 1960, Marilyn Monroe fait-elle chavirer le coeur d'Yves Montand ? Le Milliardaire
16%
Selon le texte d'une chanson de Claude Nougaro de 1979, de quoi le coq est-il amoureux ? pendule
10%
Complétez le titre du roman d'Emile Zola "La conquête de ... Plassans
7%
Aucun quiz correspondant
Distribution des résultats
% des personnes avec chaque résultat
Percentile par nombre de réponses
Votre historique - résultats
Vous n’avez pas pris ce quiz